Análisis y propuesta de mejora al sistema administrativo de consorcio de Especialidades Químicas S.A. (CEQSA) en el año 2003

El tema fue desarrollado aplicando los cinco módulos del curso de culminación de estudios de la carrera de Ingeniería de Sistemas Alta gerencia. El tipo de investigación realizada es descriptiva; el estudio descriptivo permite analizar como es y cómo se manifiesta un fenómeno. Contiene anális...

Full description

Bibliographic Details
Main Authors: Lorio Reyes, Karla Jalina, Roa Palacios, Ana Patricia, Matus Peralta, Karla Vanessa
Other Authors: Tutor:
Format: Tesis Section = Libro
Language:Undetermined
Spanish
Published: Managua UNI 2002
Subjects:
LEADER 01368nam a2200265Ia 4500
008 240830s9999 xx 000 0 und d
040 |a BIBLIOTECA-RUPAP Mon 658.4 L872 
041 |a spa 
082 |a Mon 658.4 L872 
100 1 |a Lorio Reyes, Karla Jalina 
100 1 |b Roa Palacios, Ana Patricia 
100 1 |c Matus Peralta, Karla Vanessa 
245 1 0 |a Análisis y propuesta de mejora al sistema administrativo de consorcio de Especialidades Químicas S.A. (CEQSA) en el año 2003 
260 |a Managua  |b UNI  |c 2002 
300 |a 107 p. :il. 
500 |a Contiene: anexos y glosarios. 
502 |a Tesis (Ingeniero de Sistemas)- UNI, 2002. 
520 3 |a El tema fue desarrollado aplicando los cinco módulos del curso de culminación de estudios de la carrera de Ingeniería de Sistemas Alta gerencia. El tipo de investigación realizada es descriptiva; el estudio descriptivo permite analizar como es y cómo se manifiesta un fenómeno. Contiene análisis de foda y de recursos humanos, situación de marketing actual, mejora del proceso de distribución, estrategia de marketing y la factibilidad técnica y económica de una red en el consorcio. 
650 7 |a PRINCIPIOS DE ADMINISTRACIÓN 
650 7 |b ORGANIZACIÓN-ADMINISTRACIÓN 
650 7 |c MARKETING-ESTRATEGIAS 
700 1 |a Tutor: 
942 |c BK  |2 ddc 
991 |a TESIS 
999 |c 17182